000 00347nam a2200133Ia 4500
008 100328s9999 xx 000 0 und d
082 _b68805
100 _aकर्णिक मधु मंगेश.
245 _aझुंबर.
260 _bयशोदा.
630 _aझुंबर.
730 _aझुंबर.
942 _cBOOK
999 _c554540
_d554537